书目信息 |
| 题名: |
中法战争
|
|
| 作者: | 邵循正 主编 | |
| 分册: | 5 | |
| 出版信息: | 上海 新知识出版社 1955 |
|
| 页数: | 628页 | |
| 开本: | 21cm | |
| 丛书名: | 中国近代史资料丛刊 | |
| 单 册: | ||
| 中图分类: | K256.206 | |
| 科图分类: | ||
| 主题词: | 中法战争(1884~1885) | |
| 电子资源: | ||
| ISBN: | ||
| 000 | 00756nam2 2200241 45 | |
| 001 | 0196034680 | |
| 005 | 20060731151924.81 | |
| 010 | @dCNY2.45 | |
| 100 | @a19960805d1955 y0chiy0121 ea | |
| 101 | 0 | @achi |
| 102 | @aCN@b310000 | |
| 105 | @ay z 000yd | |
| 200 | 10 | @a中法战争@AZHONG FA ZHAN ZHENG@h5@f邵循正等主编@FZHANG ZHEN KUN ZHU BIAN |
| 210 | @a上海@c新知识出版社@d1955 | |
| 215 | @a628页@d21cm | |
| 225 | 2 | @a中国近代史资料丛刊@f中国史学会主编@h第六种 |
| 410 | 0 | @12001 @a中国近代史资料丛刊 |
| 410 | 0 | @12001 @a中国近代史资料丛刊@1711 0@a中国史学会@Azhong guo shi xue hui@4主编 |
| 606 | @a中法战争(1884~1885) | |
| 690 | @aK256.206 | |
| 701 | 0 | @a邵循正@Ashao xun zheng@4主编 |
| 801 | 0 | @aCN@bTSSF@c20060731 |
| 905 | @a10447@dK256.206@e38:5 | |
| 中法战争.5/邵循正等主编.-上海:新知识出版社,1955 |
| 628页;21cm.-(中国近代史资料丛刊/中国史学会主编.第六种) |
| ISBN :CNY2.45 |
| ● |
| 相关链接 |
|
|
|
|
正题名:中法战争
索取号:K256.206/38:5
 
预约/预借
| 序号 | 登录号 | 条形码 | 馆藏地/架位号 | 状态 | 备注 |
| 1 | 0443898 | 204438983 | 密集书库/ [索取号:K256.206/38:5] | 在馆 |